Catálogo

ENCICLOPEDIA UNIVERSAL ILUSTRADA EUROPEO-AMERICANA : (Registro nro. 49961)

Detalles MARC
000 -LEADER
fixed length control field 00731nam a2200181 a 4500
001 - CONTROL NUMBER
control field 49961
005 - DATE AND TIME OF LATEST TRANSACTION
control field 20180714034840.0
008 - FIXED-LENGTH DATA ELEMENTS--GENERAL INFORMATION
fixed length control field 140415s2007 sp 000 0 spa d
020 ## - INTERNATIONAL STANDARD BOOK NUMBER
International Standard Book Number 9788467006490
041 ## - LANGUAGE CODE
Language code of text/sound track or separate title spa
082 ## - DEWEY DECIMAL CLASSIFICATION NUMBER
Classification number 036
Item number ENC
245 00 - TITLE STATEMENT
Title ENCICLOPEDIA UNIVERSAL ILUSTRADA EUROPEO-AMERICANA :
Remainder of title SUPLEMENTO 2005 - 2006
250 ## - EDITION STATEMENT
Edition statement 1a ed.
260 ## - PUBLICATION, DISTRIBUTION, ETC.
Place of publication, distribution, etc. ESPAÑA :
Name of publisher, distributor, etc. ESPASA-CALPE,
Date of publication, distribution, etc. 2007
300 ## - PHYSICAL DESCRIPTION
Extent 619
Dimensions 17.6 x 5.3 x 25.2
520 ## - SUMMARY, ETC.
Summary, etc. ENCICLOPEDIA UNIVERSAL ILUSTRADA EUROPEO-AMERICANA : SUPLEMENTO 2005-2006 ES UN DICCIONARIO BASICO PARA ESTUDIANTES DE UNIVESIDAD Y EDUCACIÓN MEDIA SUPERIOR ESTE MANUAL DICCIONARIO LE CONTIENE TODAS LOS SIGNIFICADOS
650 14 - SUBJECT ADDED ENTRY--TOPICAL TERM
Topical term or geographic name entry element ENCICLOPEDIAS Y DICCIONARIOS
Existencias
Withdrawn status Lost status Source of classification or shelving scheme Damaged status Not for loan Collection code Home library Current library Shelving location Date acquired Source of acquisition Inventory number Total Checkouts Full call number Barcode Date last seen Price effective from Koha item type
    Dewey Decimal Classification     Referencia Biblioteca Karol Wojtyla Biblioteca Karol Wojtyla Área de silencio 03/12/2013 Compra 151000000000000000071485   '036 ENC 74624 05/01/2026 03/12/2013 Libro R